| 000 | 00391nam a2200145 a 4500 | ||
|---|---|---|---|
| 005 | 20140414093842.0 | ||
| 008 | 090113s19uu xx uuu eng d | ||
| 050 |
_aCD 264.13 _bSAN 2000 |
||
| 100 | _aSanchez, Bo | ||
| 245 |
_aBuild your throne : _ba special prayer experience / _cBo Sanchez. |
||
| 650 | _aChristian music. | ||
| 650 | _aPublic worship. | ||
| 942 | _cAVM | ||
| 999 |
_c109372 _d109372 |
||